<?xml version="1.0" encoding="UTF-8"?>
<record
    xmlns:xsi="http://www.w3.org/2001/XMLSchema-instance"
    xsi:schemaLocation="http://www.loc.gov/MARC21/slim http://www.loc.gov/standards/marcxml/schema/MARC21slim.xsd"
    xmlns="http://www.loc.gov/MARC21/slim">

  <leader>00702nam a22001937a 4500</leader>
  <controlfield tag="003">OSt</controlfield>
  <controlfield tag="005">20150408114130.0</controlfield>
  <controlfield tag="008">130414s2012    ku ||||g |||| 00| 0 ara d</controlfield>
  <datafield tag="040" ind1=" " ind2="4">
    <subfield code="a">MU</subfield>
    <subfield code="b">ara</subfield>
  </datafield>
  <datafield tag="082" ind1="0" ind2="4">
    <subfield code="2">21</subfield>
    <subfield code="a">371.95</subfield>
    <subfield code="b">&#x633; &#x645; &#x645;</subfield>
  </datafield>
  <datafield tag="100" ind1="1" ind2=" ">
    <subfield code="a">&#x627;&#x644;&#x633;&#x628;&#x64A;&#x639;&#x64A;&#x60C; &#x645;&#x639;&#x64A;&#x648;&#x641; &#x645;&#x637;&#x644;&#x642;</subfield>
    <subfield code="9">35123</subfield>
  </datafield>
  <datafield tag="245" ind1="1" ind2="0">
    <subfield code="a">&#x645;&#x639;&#x644;&#x645; &#x627;&#x644;&#x637;&#x644;&#x628;&#x629; &#x627;&#x644;&#x645;&#x648;&#x647;&#x648;&#x628;&#x64A;&#x646; / </subfield>
    <subfield code="c">&#x645;&#x639;&#x64A;&#x648;&#x641; &#x645;&#x637;&#x644;&#x642; &#x627;&#x644;&#x633;&#x628;&#x64A;&#x639;&#x64A;&#x60C; &#x62B;&#x627;&#x645;&#x631; &#x641;&#x647;&#x62F; &#x627;&#x644;&#x645;&#x637;&#x64A;&#x631;&#x64A;</subfield>
  </datafield>
  <datafield tag="250" ind1=" " ind2=" ">
    <subfield code="a">&#x637; 1.</subfield>
  </datafield>
  <datafield tag="260" ind1=" " ind2=" ">
    <subfield code="a">&#x627;&#x644;&#x643;&#x648;&#x64A;&#x62A; :</subfield>
    <subfield code="b">&#x62F;&#x627;&#x631; &#x627;&#x644;&#x645;&#x633;&#x64A;&#x644;&#x629; &#x644;&#x644;&#x646;&#x634;&#x631; &#x648;&#x627;&#x644;&#x62A;&#x648;&#x632;&#x64A;&#x639;&#x60C; </subfield>
    <subfield code="c">2012</subfield>
  </datafield>
  <datafield tag="300" ind1=" " ind2=" ">
    <subfield code="a">96 &#x635;. &#x61B;</subfield>
    <subfield code="c">24 &#x633;&#x645;.</subfield>
  </datafield>
  <datafield tag="650" ind1=" " ind2="4">
    <subfield code="a">&#x627;&#x644;&#x637;&#x644;&#x628;&#x629; &#x627;&#x644;&#x645;&#x648;&#x647;&#x648;&#x628;&#x648;&#x646;</subfield>
    <subfield code="x">&#x62A;&#x639;&#x644;&#x64A;&#x645;</subfield>
    <subfield code="9">15100</subfield>
  </datafield>
  <datafield tag="700" ind1="1" ind2=" ">
    <subfield code="a">&#x627;&#x644;&#x645;&#x637;&#x64A;&#x631;&#x64A;&#x60C; &#x62B;&#x627;&#x645;&#x631; &#x641;&#x647;&#x62F;</subfield>
    <subfield code="9">35124</subfield>
  </datafield>
  <datafield tag="942" ind1=" " ind2=" ">
    <subfield code="2">ddc</subfield>
    <subfield code="c">BOOK</subfield>
  </datafield>
  <datafield tag="999" ind1=" " ind2=" ">
    <subfield code="c">29510</subfield>
    <subfield code="d">264010</subfield>
  </datafield>
  <datafield tag="952" ind1=" " ind2=" ">
    <subfield code="1">0</subfield>
    <subfield code="2">2013-10-03</subfield>
    <subfield code="4">0</subfield>
    <subfield code="7">0</subfield>
    <subfield code="a">371.95 &#x633; &#x645; &#x645;</subfield>
    <subfield code="d">2013-10-03</subfield>
    <subfield code="h">CL</subfield>
    <subfield code="i">00117641</subfield>
    <subfield code="m">CL</subfield>
    <subfield code="r">2013-10-03 00:00:00</subfield>
    <subfield code="t">BOOK</subfield>
    <subfield code="w">ddc</subfield>
    <subfield code="y">0</subfield>
  </datafield>
  <datafield tag="952" ind1=" " ind2=" ">
    <subfield code="1">0</subfield>
    <subfield code="2">2013-10-03</subfield>
    <subfield code="4">0</subfield>
    <subfield code="7">0</subfield>
    <subfield code="a">371.95 &#x633; &#x645; &#x645;</subfield>
    <subfield code="d">2013-10-03</subfield>
    <subfield code="h">CL</subfield>
    <subfield code="i">00117642</subfield>
    <subfield code="m">CL</subfield>
    <subfield code="r">2013-10-03 00:00:00</subfield>
    <subfield code="t">BOOK</subfield>
    <subfield code="w">ddc</subfield>
    <subfield code="y">0</subfield>
  </datafield>
  <datafield tag="952" ind1=" " ind2=" ">
    <subfield code="1">0</subfield>
    <subfield code="2">2013-10-03</subfield>
    <subfield code="4">0</subfield>
    <subfield code="7">0</subfield>
    <subfield code="a">371.95 &#x633; &#x645; &#x645;</subfield>
    <subfield code="d">2013-10-03</subfield>
    <subfield code="h">CL</subfield>
    <subfield code="i">00117643</subfield>
    <subfield code="m">CL</subfield>
    <subfield code="r">2013-10-03 00:00:00</subfield>
    <subfield code="t">BOOK</subfield>
    <subfield code="w">ddc</subfield>
    <subfield code="y">0</subfield>
  </datafield>
  <datafield tag="952" ind1=" " ind2=" ">
    <subfield code="1">0</subfield>
    <subfield code="2">2013-10-03</subfield>
    <subfield code="4">0</subfield>
    <subfield code="7">0</subfield>
    <subfield code="a">371.95 &#x633; &#x645; &#x645;</subfield>
    <subfield code="d">2013-10-03</subfield>
    <subfield code="h">EZF</subfield>
    <subfield code="i">00117644</subfield>
    <subfield code="m">EZF</subfield>
    <subfield code="r">2013-10-03 00:00:00</subfield>
    <subfield code="t">BOOK</subfield>
    <subfield code="w">ddc</subfield>
    <subfield code="y">0</subfield>
  </datafield>
  <datafield tag="952" ind1=" " ind2=" ">
    <subfield code="1">0</subfield>
    <subfield code="2">2013-10-03</subfield>
    <subfield code="4">0</subfield>
    <subfield code="7">0</subfield>
    <subfield code="a">371.95 &#x633; &#x645; &#x645;</subfield>
    <subfield code="d">2013-10-03</subfield>
    <subfield code="h">EZF</subfield>
    <subfield code="i">00117645</subfield>
    <subfield code="m">EZF</subfield>
    <subfield code="r">2013-10-03 00:00:00</subfield>
    <subfield code="t">BOOK</subfield>
    <subfield code="w">ddc</subfield>
    <subfield code="y">0</subfield>
  </datafield>
  <datafield tag="952" ind1=" " ind2=" ">
    <subfield code="1">0</subfield>
    <subfield code="2">2013-10-03</subfield>
    <subfield code="4">0</subfield>
    <subfield code="7">0</subfield>
    <subfield code="a">371.95 &#x633; &#x645; &#x645;</subfield>
    <subfield code="d">2013-10-03</subfield>
    <subfield code="h">EMF</subfield>
    <subfield code="i">00117646</subfield>
    <subfield code="m">EMF</subfield>
    <subfield code="r">2013-10-03 00:00:00</subfield>
    <subfield code="t">BOOK</subfield>
    <subfield code="w">ddc</subfield>
    <subfield code="y">0</subfield>
  </datafield>
  <datafield tag="952" ind1=" " ind2=" ">
    <subfield code="1">0</subfield>
    <subfield code="2">2013-10-03</subfield>
    <subfield code="4">0</subfield>
    <subfield code="7">0</subfield>
    <subfield code="a">371.95 &#x633; &#x645; &#x645;</subfield>
    <subfield code="d">2013-10-03</subfield>
    <subfield code="h">EMF</subfield>
    <subfield code="i">00117647</subfield>
    <subfield code="m">EMF</subfield>
    <subfield code="r">2013-10-03 00:00:00</subfield>
    <subfield code="t">BOOK</subfield>
    <subfield code="w">ddc</subfield>
    <subfield code="y">0</subfield>
  </datafield>
  <datafield tag="952" ind1=" " ind2=" ">
    <subfield code="1">0</subfield>
    <subfield code="2">2013-10-03</subfield>
    <subfield code="4">0</subfield>
    <subfield code="7">0</subfield>
    <subfield code="a">371.95 &#x633; &#x645; &#x645;</subfield>
    <subfield code="d">2013-10-03</subfield>
    <subfield code="h">SRF</subfield>
    <subfield code="i">00117648</subfield>
    <subfield code="m">SRF</subfield>
    <subfield code="r">2013-10-03 00:00:00</subfield>
    <subfield code="t">BOOK</subfield>
    <subfield code="w">ddc</subfield>
    <subfield code="y">0</subfield>
  </datafield>
  <datafield tag="952" ind1=" " ind2=" ">
    <subfield code="1">0</subfield>
    <subfield code="2">2013-10-03</subfield>
    <subfield code="4">0</subfield>
    <subfield code="7">0</subfield>
    <subfield code="a">371.95 &#x633; &#x645; &#x645;</subfield>
    <subfield code="d">2013-10-03</subfield>
    <subfield code="h">SRF</subfield>
    <subfield code="i">00117649</subfield>
    <subfield code="m">SRF</subfield>
    <subfield code="r">2013-10-03 00:00:00</subfield>
    <subfield code="t">BOOK</subfield>
    <subfield code="w">ddc</subfield>
    <subfield code="y">0</subfield>
  </datafield>
</record>
